01146nam a22002057a 450000500170000000800410001702000180005804000070007604100080008308200210009110000170011224500250012925000120015426000320016630000580019836500720025652005380032865000370086670000370090320220219100321.0220216b ||||| |||| 00| 0 eng d a9780077158958 cAL aeng 223a657.48bLIBF aRobert Libby aFinancial Accounting a8th ed. aNew YorkbMcGraw Hillc2014 axxxix,688,A3,B34,C26,E40,G5,IND18p.bPBc27.5x22.7cm. 2GeneralaABDI/0547/22b₹2246.25c₹d₹2995.00e25%f07-02-2022 aThis is NOT the TEXT BOOK. You are buying SOLUTIONS MANUAL for Financial Accounting Global Edition 8th Edition by Libby. Solutions Manual comes in a PDF or Word format and available for download only.Financial Accounting Global Edition 8th Edition Libby Libby Solutions Manual only NO Test Bank for the Text book included on this purchase. If you want the Test Bank please search on the search box. All orders are placed anonymously. Your purchase details will be hidden according to our website privacy and be deleted automatically. 2AccountingaFinancial Accounting aLibby,Patricia AdShort,Daniel G